1703 1179 1318 1686 1872 1023 1697 1831 1554 1973 1477 1923 1196 1928 1511 1118 1071 1765 1576 1001 1443 1037 1734 1354 1599 1658 1067 1944 1967 1315 1600 1693 1732 1060 1908 1756 1087 1491 1661 1108 1172 1336 1346 1505 1150 1791 1254 1421 1941 1294 1543 1199 1843 1451 1537 1764 1326 1951 1379 1985 1276 1279 1259 1516 1181 1048 1860 1354 1939 1204 1366 1184 1067 1363 1590 1976 1124 1397 1955 1582 1723 1860 1878 1283 1020 1291 1456 1078 1611 1970 1791 1068 1200 1297 1378 1291 1510 1683 1366 BCNSPRNW ULIB Ver.6.0+V

เปลี่ยนเป็นภาษาไทย

Change to English
 แสดงรายละเอียดบรรณานุกรม
  กลับหน้าหลัก

Brief Record : Get Marc (ISO 2709) : E-mail record : QR code < ปิดหน้าต่าง
LEADER : 00000nam 2200000uu 4500
001    13399124508
003     ULIB
008    150817s2556 th a 000 0 tha d
020    9789749804279
020    9789749804278
090    นว.^bล158ป ล.8
100    ล่อร่า อิงกัลล์ส์ ไวล์เดอร์;^eผู้แต่ง
245    ปีทองอันแสนสุข/^cล่อร่า อิงกัลล์ส์ ไวล์เดอร์. ; เขียน ,สุคนธรส. ; แปล
250    พิมพ์ครั้งที่ 9
260    กรุงเทพฯ :^bแพรวเยาวชน,^c2556
300    322 หน้า;^b18.5 ซม.
500    หนังสือชุดบ้านเล็ก
700    สุคนธรส ;^eแปล
945    ^p235^l0^i039779
999    ^aทศพร
รายการนี้ยังไม่มีแท็ก
คุณยังไม่ได้ล็อกอิน คุณสามารถมีกิจกรรมร่วมกับเว็บไซต์ได้ แต่ต้องล็อกอินก่อน ::
  ล็อกอิน

รายการสื่อสารสนเทศ

ลำดับที่ ประเภท เลขเรียก/บาร์โค้ด สถานที่ สถานะ
1. นวนิยาย
นวนิยาย
นว. ล158ป ล.8 ฉ.1 
  Barcode: 039779
ห้องสมุดวิทยาเขตสวรรค์ประชารักษ์
►นวนิยาย
บนชั้น
  ขอยืม

BibComment


ยังไม่เคยถูกคอมเมนท์

คอมเมนท์ทรัพยากรรายการนี้
  คอมเมนท์: ปีทองอันแสนสุข ล่..


 Copyright 2026. Bcnsprnw @Library